[Event "Ventaja de alfil blanco. "]
[Site "http://www.queenalice.com/game.php?id=1826862"]
[Date "2023.12.10"]
[Round "-"]
[White "limonajar"]
[Black "Reflejo17"]
[Result "1-0"]
[WhiteElo "1738"]
[BlackElo "1128"]

1. e4 e6 2. Ba6 bxa6 3. d4 Nc6 4. d5 exd5 5. exd5 Ne5 6. Nf3 g6 7. Nxe5 Nf6 8.
d6 cxd6 9. Nc4 d5 10. Qe2+ Ne4 11. Nc3 Bc5 12. Nxe4 f5 13. Nxc5+ Kf8 14. Ne5 d6
15. Nc6 Qb6 16. Bh6+ Kf7 17. Qe7+ Kg8 18. Qg7# 1-0

[Event "APODERARSE DEL CENTRO."]
[Site "http://www.queenalice.com/game.php?id=1826863"]
[Date "2023.12.10"]
[Round "-"]
[White "Reflejo17"]
[Black "limonajar"]
[Result "0-1"]
[WhiteElo "1130"]
[BlackElo "1736"]

1. e3 e5 2. Nh3 d5 3. c3 Ba3 4. Nxa3 Nf6 5. b4 Nc6 6. Rb1 Bf5 7. d3 e4 8. b5 Ne5
9. d4 Nd3+ 10. Kd2 Nd7 11. Be2 Bxh3 12. Qb3 Be6 13. f3 Qg5 14. f4 Qxg2 15. Bb2
Bg4 16. Qxd5 Qxe2# 0-1

[Event "APODERARSE DEL CENTRO."]
[Site "http://www.queenalice.com/game.php?id=1826865"]
[Date "2023.12.10"]
[Round "-"]
[White "limonajar"]
[Black "Reflejo17"]
[Result "1-0"]
[WhiteElo "1742"]
[BlackElo "1124"]

1. d4 e6 2. e4 b6 3. Nc3 Nc6 4. Bf4 Nf6 5. Bc4 g6 6. Nf3 h6 7. Qd2 d5 8. exd5
exd5 9. Bb3 Bb4 10. O-O O-O 11. Bxh6 Re8 12. Qg5 Ne4 13. Qxd8 Rxd8 14. Nxd5 Rxd5
15. Bxd5 Nd2 16. Nxd2 Bxd2 17. Bxc6 Rb8 18. b3 a5 19. Bxd2 Bf5 20. c4 Rd8 21.
Bd5 c6 22. Bxc6 Rxd4 23. Be3 Rg4 24. Rad1 Be4 25. Bxe4 Rxe4 26. Rd6 f5 27. g3 f4
28. Bxf4 Kf7 29. Bg5 Re2 30. Rfd1 Rxa2 31. Re1 a4 32. Re7+ Kg8 33. Rd8# 1-0

[Event "va de Nuez..."]
[Site "http://www.queenalice.com/game.php?id=1835736"]
[Date "2024.4.26"]
[Round "-"]
[White "limonajar"]
[Black "Reflejo17"]
[Result "1-0"]
[WhiteElo "1746"]
[BlackElo "1120"]

1. e4 e6 2. d4 Qf6 3. Nf3 d6 4. b3 e5 5. dxe5 Qg6 6. exd6 cxd6 7. Bb2 Nf6 8. e5
Bf5 9. Bd3 Nc6 10. exf6 gxf6 11. Nh4 Qg5 12. Nxf5 Qxg2 13. Ke2 Ne5 14. Nd2 O-O-O
15. Be4 Qg4+ 16. f3 Qg2+ 17. Ke3 d5 18. Bd3 Bc5+ 19. Bd4 b6 20. Nh4 Qg5+ 21. f4
Ng4+ 22. Kf3 Bxd4 23. fxg5 Bxa1 24. Qxa1 Rhg8 25. Bf5+ Kb7 26. Bxg4 Rge8 27.
Qxf6 Rf8 28. Re1 Rde8 29. Rxe8 Rxe8 30. Qxf7+ Ka6 31. Qxe8 h5 32. Bc8+ Ka5 33.
Qa4# 1-0

[Event "de Nuez de "]
[Site "http://www.queenalice.com/game.php?id=1835737"]
[Date "2024.4.26"]
[Round "-"]
[White "limonajar"]
[Black "Reflejo17"]
[Result "1-0"]
[WhiteElo "1750"]
[BlackElo "1116"]

1. e4 e5 2. d4 Qf6 3. Nf3 c5 4. dxc5 Bxc5 5. Bb5 a6 6. Bc4 b5 7. Bd5 Nc6 8. Nbd2
Qg6 9. g3 Nf6 10. Qe2 Nd4 11. Nxe5 Qxe4 12. Nxe4 Nxe2 13. Kxe2 O-O 14. Nxc5 Nxd5
15. Ne4 f5 16. Nd6 Rf6 17. Ndf7 d6 18. Re1 dxe5 19. Nxe5 f4 20. Bxf4 Be6 21. Kf3
Raf8 22. Re4 g5 23. Rae1 h5 24. Kg2 gxf4 25. Nd3 f3+ 26. Kg1 Rg6 27. Rxe6 Rff6
28. Re8+ Rf8 29. Rxf8+ Kxf8 30. Kf1 h4 31. Ne5 Re6 32. Nd7+ Ke7 33. Rxe6+ Kxe6
34. Nc5+ Ke5 35. gxh4 Nf4 36. Nd3+ Nxd3 37. cxd3 b4 38. Ke1 a5 39. Kd2 a4 40.
Ke3 b3 41. axb3 axb3 42. d4+ Kf5 43. h5 Kg5 44. d5 Kxh5 45. d6 Kg6 46. d7 Kf7
47. d8=Q Kg6 48. Kf4 Kg7 49. Kf5 Kh6 50. Qg5+ Kh7 51. Kf6 Kh8 52. Qg7# 1-0

[Event "Challenge"]
[Site "http://www.queenalice.com/game.php?id=1841161"]
[Date "2024.7.30"]
[Round "-"]
[White "Reflejo17"]
[Black "limonajar"]
[Result "0-1"]
[WhiteElo "1118"]
[BlackElo "1748"]

1. e3 e5 2. b4 Bxb4 3. c3 Ba5 4. Qf3 Nf6 5. Qg3 Nc6 6. Qxg7 Rg8 7. Qxg8+ Nxg8 8.
Na3 d5 9. c4 Nb4 10. Bb2 Be6 11. Rc1 dxc4 12. Nxc4 Nd3+ 13. Bxd3 Qxd3 14. Nf3
Bxc4 15. Kd1 O-O-O 16. Nxe5 Qxd2# 0-1

[Event "Partida inicial 2025"]
[Site "http://www.queenalice.com/game.php?id=1850077"]
[Date "2025.1.10"]
[Round "-"]
[White "Reflejo17"]
[Black "limonajar"]
[Result "0-1"]
[WhiteElo "1127"]
[BlackElo "1755"]

1. d3 d5 2. c4 dxc4 3. dxc4 Qxd1+ 4. Kxd1 e5 5. e4 Nf6 6. Nf3 Nxe4 7. Rg1 Bc5 8.
Nxe5 Nxf2+ 9. Ke2 Bg4+ 10. Ke1 Nd3+ 11. Nxd3 Bxg1 12. Nc3 O-O 13. Ne5 Re8 14.
Bf4 Bh5 15. g4 Bg6 16. Bd3 Bxd3 17. Rd1 Bxc4 18. b3 Be6 19. Ne4 Nc6 20. Kf1 Bb6
21. h4 Nxe5 22. Bxe5 Bxg4 23. Rd5 Bf3 24. Nd2 Bxd5 25. h5 Rxe5 26. Nc4 Bxc4+ 27.
bxc4 Rd8 28. h6 Rd4 29. c5 Rf4+ 30. Kg2 Rxc5 31. Kg3 Ra4 32. Kf3 Rc3+ 33. Ke2
Rxa2+ 34. Kf1 Rc1# 0-1

[Event "Segunda partida inicial"]
[Site "http://www.queenalice.com/game.php?id=1850078"]
[Date "2025.1.10"]
[Round "-"]
[White "limonajar"]
[Black "Reflejo17"]
[Result "1-0"]
[WhiteElo "1751"]
[BlackElo "1129"]

1. e4 e5 2. Nf3 f6 3. d4 c5 4. dxe5 d6 5. exd6 Bxd6 6. Nc3 f5 7. exf5 Bxf5 8.
Bd3 Nh6 9. Bg5 Qa5 10. Bxh6 gxh6 11. Bxf5 Rf8 12. Bxh7 Nd7 13. Qxd6 O-O-O 14.
O-O Nf6 15. Qe7 Rd7 16. Bf5 Qd8 17. Bxd7+ Nxd7 18. Qxd8+ Rxd8 19. Nb5 Ne5 20.
Nxe5 Rd2 21. Rac1 a6 22. Na7+ Kc7 23. Ng4 h5 24. Ne5 Kb6 25. Nf3 Re2 26. Rfe1
Kxa7 27. Rxe2 h4 28. Re7 h3 29. Rd1 c4 30. Rdd7 hxg2 31. Rxb7+ Ka8 32. Rbd7 Kb8
33. Rd8# 1-0

[Event "Tercera partida inicial"]
[Site "http://www.queenalice.com/game.php?id=1850079"]
[Date "2025.1.10"]
[Round "-"]
[White "limonajar"]
[Black "Reflejo17"]
[Result "1-0"]
[WhiteElo "1752"]
[BlackElo "1131"]

1. d4 d6 2. e4 e5 3. d5 c5 4. dxc6 bxc6 5. Nf3 d5 6. Nc3 d4 7. Na4 Na6 8. Nxe5
Qd6 9. Nc4 Qb4+ 10. c3 Qe7 11. Qxd4 Nf6 12. e5 Nd7 13. Bd3 c5 14. Qd5 Nc7 15.
Qc6 f6 16. Nxc5 fxe5 17. Be4 Qxc5 18. Qxc5 Nxc5 19. Bxa8 Nxa8 20. Nxe5 Bd6 21.
Nc4 Nd3+ 22. Ke2 O-O 23. Kxd3 Rxf2 24. Nxd6 Ba6+ 25. c4 Nb6 26. Re1 Rxg2 27.
Re8# 1-0

[Event "Amistosa. "]
[Site "http://www.queenalice.com/game.php?id=1851808"]
[Date "2025.2.9"]
[Round "-"]
[White "Rocio"]
[Black "limonajar"]
[Result "0-1"]
[WhiteElo "1480"]
[BlackElo "1756"]

1. e4 e5 2. Nf3 Nc6 3. Bc4 Nf6 4. d3 Bc5 5. Ng5 d5 6. exd5 Nxd5 7. f4 Be6 8. Ne4
b6 9. fxe5 Nxe5 10. Bg5 Be7 11. Bd2 O-O 12. d4 Nxc4 13. Qf3 Nf6 14. Bc3 Bd5 15.
Qf4 Nxe4 16. b3 Bg5 17. Qf3 Nxc3 18. Qxc3 Qe7+ 19. Kd1 Nd6 20. Re1 Ne4 21. Qh3
Nf2# 0-1

[Event "Partida amistosa. "]
[Site "http://www.queenalice.com/game.php?id=1852344"]
[Date "2025.2.17"]
[Round "-"]
[White "limonajar"]
[Black "Rocio"]
[Result "1/2-1/2"]
[WhiteElo "1761"]
[BlackElo "1536"]

1. e4 e5 2. Nf3 Qe7 3. Nc3 a6 4. Bc4 h6 5. d4 d5 6. Nxd5 Qd6 7. Nxe5 c6 8. Nb6
Nf6 9. O-O Bg4 10. Nxa8 Bxd1 11. Rxd1 Rg8 12. Bxf7+ Ke7 13. Bxg8 Nxg8 14. Nb6 h5
15. a4 c5 16. Nc8+ Ke6 17. Bf4 Qd8 18. dxc5 Qxc8 19. Rd6+ Ke7 20. Rad1 Nf6 21.
b4 Nxe4 22. R6d4 Nc6 23. Rxe4 Qf5 24. Nxc6+ Kf7 25. Nd8+ Kg8 26. Rde1 Qd5 27.
Re8 Qf5 28. Be5 Qd7 29. Bf4 Qf5 30. Ne6 Kf7 31. Rxf8+ Kg6 32. Rxf5 Kxf5 33. g3
Kf6 34. Nd8 g5 35. Bxg5+ Kxg5 36. Kg2 b5 37. Kh3 bxa4 38. c6 a3 39. c7 h4 40.
c8=Q a2 41. Re5+ Kf6 42. Qf5+ Kg7 43. Re6 hxg3 44. Qf7+ Kh8 45. Qg7+ Kxg7 46.
hxg3 a1=Q 47. Kg4 Qd4+ 48. Kf5 Qxd8 49. Rg6+ Kf7 50. Re6 Qd5+ 51. Re5 Qf3+ 52.
Kg5 Qf6+ 53. Kg4 Qxe5 54. f4 Qg7+ 55. Kf3 Qc3+ 56. Kg4 Qxc2 57. Kg5 Qd2 58. g4
Qxb4 59. f5 Qb5 60. Kf4 Qb8+ 61. Kg5 Qg8+ 62. Kh5 Kf6 63. Kh4 Qg5+ 64. Kg3 Ke5
65. Kf3 Qf4+ 66. Ke2 Qxg4+ 67. Ke3 Qxf5 68. Kd2 Qf3 69. Kc2 Kd4 70. Kd2 Qe3+ 71.
Kc2 Qd3+ 72. Kb2 Kc4 73. Ka2 Qb3+ 74. Ka1 Qd1+ 75. Kb2 a5 76. Ka2 Kb4 77. Kb2 a4
78. Ka2 a3 1/2-1/2

[Event "Challenge"]
[Site "http://www.queenalice.com/game.php?id=1854722"]
[Date "2025.3.29"]
[Round "-"]
[White "limonajar"]
[Black "Rocio"]
[Result "1-0"]
[WhiteElo "1726"]
[BlackElo "1505"]

1. e4 e5 2. Nf3 Nc6 3. Nc3 Bc5 4. Bc4 Nf6 5. Nb5 Nxe4 6. d4 exd4 7. Nfxd4 Bxd4
8. Nxd4 Nxd4 9. Qxd4 Nd6 10. Qxg7 Rf8 11. Bd3 Qe7+ 12. Be3 b6 13. O-O-O Bb7 14.
Bg5 Qe6 15. Rde1 Bd5 16. Bf5 Nxf5 17. Rxe6+ dxe6 18. Qxh7 Bxg2 19. Re1 Bd5 20.
Qxf5 Kd7 21. Qd3 Kc8 22. f4 Kb7 23. a3 Rfd8 24. Bxd8 Rxd8 25. Rg1 Rd6 26. Qd4
Bc6 27. Qe5 Rd5 28. Rg7 Rxe5 29. fxe5 a5 30. Rxf7 b5 31. h4 Kb6 32. h5 Be8 33.
h6 Bxf7 34. h7 b4 35. axb4 a4 36. h8=Q Kb5 37. Qf8 Bh5 38. Qc5+ Ka6 39. b5+ Kb7
40. Qc6+ Kc8 41. b6 Be2 42. Qxc7# 1-0

[Event "Challenge"]
[Site "http://www.queenalice.com/game.php?id=1854797"]
[Date "2025.4.1"]
[Round "-"]
[White "Leanne"]
[Black "limonajar"]
[Result "1-0"]
[WhiteElo "1345"]
[BlackElo "1756"]

1. d4 d5 2. c4 Bf5 3. Nc3 e6 4. cxd5 exd5 5. Nf3 Nc6 6. e3 Nf6 7. Bb5 a6 8. Bd3
Bxd3 9. Qxd3 Bb4 10. O-O O-O 11. Ng5 Ne4 12. Ngxe4 dxe4 13. Qxe4 Qf6 14. Nd5 Qd6
15. g3 Ba5 16. b4 Bxb4 17. Nxb4 Nxb4 18. a3 Nd5 19. Qh4 Nf6 20. e4 Qxd4 21. Bg5
Rad8 22. Bxf6 Qxf6 23. Qg4 Rd4 24. Rad1 Re8 25. Rxd4 Qxd4 26. Qf5 Rxe4 27. Qc8+
1-0

[Event "Challenge"]
[Site "http://www.queenalice.com/game.php?id=1854798"]
[Date "2025.4.1"]
[Round "-"]
[White "limonajar"]
[Black "Leanne"]
[Result "1-0"]
[WhiteElo "1754"]
[BlackElo "1347"]

1. e4 e6 2. d4 d5 3. e5 c5 4. Nf3 Qa5+ 5. Qd2 Qb6 6. Nc3 Nc6 7. Na4 Qd8 8. Nxc5
Bxc5 9. dxc5 Nge7 10. Bb5 b6 11. Qc3 O-O 12. Bg5 d4 13. Qc4 Bb7 14. O-O-O Qc7
15. Rhe1 bxc5 16. Qxc5 Qd8 17. Nxd4 Nxd4 18. Rxd4 Bd5 19. Bxe7 Qa5 20. Bxf8
Qxe1+ 21. Rd1 Qxe5 22. Bd6 Qg5+ 23. Rd2 a6 24. Bc4 Bxc4 25. Qxg5 g6 26. Qf6 1-0

[Event "Challenge"]
[Site "http://www.queenalice.com/game.php?id=1855934"]
[Date "2025.4.21"]
[Round "-"]
[White "Rocio"]
[Black "limonajar"]
[Result "0-1"]
[WhiteElo "1495"]
[BlackElo "1737"]

1. e4 e5 2. Bc4 Nf6 3. d3 d5 4. Bb5+ c6 5. Ba4 Bg4 6. f3 Bh5 7. Be3 dxe4 8. g4
Bg6 9. fxe4 Nbd7 10. Nc3 Nc5 11. g5 Nfd7 12. Nf3 Be7 13. a3 Nxa4 14. Nxa4 O-O
15. Nh4 Bxg5 16. Bxg5 Qxg5 17. Nf3 Bh5 18. Rg1 Qxg1+ 19. Nxg1 Bxd1 20. Rxd1 Nf6
21. Nc5 b6 22. Nb3 Rad8 23. Ne2 Rd6 24. h4 Ng4 25. Rd2 Rf6 26. Kd1 Rf1# 0-1

[Event "Challenge"]
[Site "http://www.queenalice.com/game.php?id=1855935"]
[Date "2025.4.21"]
[Round "-"]
[White "limonajar"]
[Black "Rocio"]
[Result "1-0"]
[WhiteElo "1743"]
[BlackElo "1482"]

1. e4 e5 2. Nf3 Nc6 3. Nc3 a6 4. d4 d6 5. Bc4 Nh6 6. Ng5 Bg4 7. f3 Bd7 8. dxe5
Nxe5 9. Bb3 f6 10. Nh3 Bxh3 11. gxh3 f5 12. Be3 Qd7 13. Qe2 fxe4 14. Nxe4 Nf5
15. O-O-O O-O-O 16. f4 Nc6 17. Bf2 g6 18. Rd3 Nb4 19. Rc3 d5 20. Ng3 Re8 21. Qd2
c5 22. Bxc5 Nxa2+ 23. Bxa2 Bg7 24. Bd4+ Kb8 25. Bxg7 Qxg7 26. Bxd5 Nd6 27. Re1
Ref8 28. Ne4 Nf5 29. Nc5 Rc8 30. Re4 Rhd8 31. Rd3 Rxc5 32. Rc4 Rb5 33. Rb3 Rbxd5
34. Rd3 b5 35. Rxd5 Rd7 36. Rxd7 Qf6 37. Re4 Qb6 38. Re8+ Qd8 39. Rexd8# 1-0

[Event "Challenge"]
[Site "http://www.queenalice.com/game.php?id=1857318"]
[Date "2025.5.15"]
[Round "-"]
[White "limonajar"]
[Black "Vallet"]
[Result "1-0"]
[WhiteElo "1753"]
[BlackElo "1100"]

1. e4 d5 2. exd5 c5 3. dxc6 bxc6 4. Nf3 e5 5. Nc3 e4 6. Nxe4 f5 7. Ng3 f4 8. Ne4
a5 9. d4 Ra6 10. Bxa6 Bxa6 11. Bxf4 Bb5 12. Qd2 Bc4 13. Ne5 g5 14. Bxg5 h6 15.
Nd3 hxg5 16. Nxg5 Bxd3 17. Ne6 Kf7 18. Nxd8+ Kf6 19. Qxd3 Bg7 20. O-O Kg5 21.
Rae1 Kf6 22. Re5 Rh5 23. Qf3+ Kg6 24. Qxh5+ Kf6 25. Qf5# 1-0

[Event "Challenge"]
[Site "http://www.queenalice.com/game.php?id=1857716"]
[Date "2025.5.23"]
[Round "-"]
[White "Charles56"]
[Black "limonajar"]
[Result "1-0"]
[WhiteElo "1929"]
[BlackElo "1757"]

1. d4 d5 2. Nc3 Nf6 3. h3 Nc6 4. Nf3 Bf5 5. e3 e6 6. Bd3 Bxd3 7. cxd3 Bb4 8. Bd2
O-O 9. a3 Ba5 10. O-O Bb6 11. Ne5 Nxe5 12. dxe5 Nh5 13. Qxh5 c6 14. f4 f5 15.
Rf3 Rf7 16. Rg3 Bc5 17. d4 Be7 18. Na4 b6 19. b4 1-0